[Event "2020 WA-BC Intermat"]
[Site "Chess.com"]
[Date "2020.04.25"]
[Round "2"]
[White "Wang, Alex J"]
[Black "Ranganathan, Ananta"]
[Result "1-0"]
[WhiteElo "1832"]
[BlackElo "1731"]
[EventType "team"]

1. d4 Nf6 2. c4 c5 3. Nf3 d6 4. dxc5 dxc5 5. Qxd8+ Kxd8 6. Nc3 Be6 7. e4 Nc6
8. Be3 b6 9. O-O-O+ Kc8 10. h3 Nd7 11. g4 Nde5 12. Nxe5 Nxe5 13. b3 g6 14. f4
Nc6 15. Bg2 Bg7 16. e5 Bd7 17. Rxd7 Kxd7 18. Rd1+ Kc7 19. Nb5+ Kc8 20. Bxc6
Kb8 21. Rd7 a6 22. Rb7+ Kc8 23. Na7+ Rxa7 24. Rxa7 f5 25. Rxe7 Bf8 26. Ra7 a5
27. e6 Kb8 28. Rb7+ Kc8 29. e7 Bxe7 30. Rxe7 fxg4 31. hxg4 h5 32. Re8+ Rxe8
33. Bxe8 {#r} 1-0

[Event "2020 WA-BC Intermat"]
[Site "Chess.com"]
[Date "2020.04.25"]
[Round "1"]
[White "Zhang, Derek"]
[Black "Lehingrat, Callum"]
[Result "1/2-1/2"]
[WhiteElo "2271"]
[BlackElo "2013"]
[EventType "team"]

1. Nf3 c5 2. c4 Nc6 3. e3 e6 4. Nc3 Nf6 5. Be2 Be7 6. O-O O-O 7. d4 cxd4 8.
Nxd4 d5 9. Nxc6 bxc6 10. Qc2 Bb7 11. Rd1 Qc7 12. b3 Rfd8 13. Bb2 Rac8 14. Rac1
Qb8 15. Qb1 c5 16. cxd5 exd5 17. Na4 Ne4 18. Qa1 Bd6 19. g3 Bf8 20. Be5 Qa8
21. h4 f6 22. Bf4 Bd6 23. Bg4 Rc7 24. Bxd6 Rxd6 25. f3 Nxg3 26. Kf2 f5 27. Bh3
Nh5 28. Rxc5 Rf7 29. Qe5 Qd8 30. Rd4 g6 31. Nc3 Re7 32. Qh2 Ng7 33. Nb5 Ra6
34. Rc2 Ne6 35. Rdd2 Rd7 36. Bf1 f4 37. exf4 Qf6 38. Bh3 Qxh4+ 39. Qg3 Qxg3+
40. Kxg3 Rf7 41. Bxe6 Rxe6 42. Rc7 a6 43. Rxf7 Kxf7 44. Nd4 Re1 45. Rc2 Re7
46. b4 Kf6 47. a4 Re1 48. Rc7 Re7 49. Rc2 Re1 50. Kf2 Rd1 51. Ke3 Re1+ 52. Kd2
Rb1 53. b5 axb5 54. axb5 Rb4 55. Kd3 Rc4 56. Rh2 Kg7 57. Ra2 Bc8 58. Ra7+ Kh6
59. Rf7 Rb4 60. Rc7 Bh3 61. Rc1 Kg7 62. Rh1 Bd7 63. Kc3 Rc4+ 64. Kd3 Rb4 65.
Kc3 Rc4+ 66. Kd3 Rb4 {#d} 1/2-1/2

[Event "2020 WA-BC Intermat"]
[Site "Chess.com"]
[Date "2020.04.25"]
[Round "2"]
[White "Leong, Ryan"]
[Black "Zhang, Derek"]
[Result "1-0"]
[WhiteElo "1971"]
[BlackElo "2271"]
[EventType "team"]

1. Nf3 d6 2. c4 e5 3. d3 f5 4. Nc3 Nf6 5. g3 Be7 6. Bg2 O-O 7. O-O c6 8. Rb1
a5 9. b3 Qe8 10. Bb2 Qh5 11. e3 f4 12. exf4 exf4 13. Ne2 g5 14. gxf4 g4 15.
Ng3 Qg6 16. f5 Qg7 17. Nd4 Na6 18. Re1 Nc5 19. a3 Qf7 20. b4 axb4 21. axb4 Na4
22. Ba1 h5 23. Qd2 Kh7 24. Ne6 Bxe6 25. Rxe6 Rg8 26. Nxh5 {#r} 1-0

[Event "2020 WA-BC Intermat"]
[Site "Chess.com"]
[Date "2020.04.25"]
[Round "1"]
[White "Zhang, Zachary T"]
[Black "Leong, Ryan"]
[Result "0-1"]
[WhiteElo "1930"]
[BlackElo "1971"]
[EventType "team"]

1. d4 d5 2. Nf3 Nf6 3. e3 c6 4. Bd3 e6 5. b3 Be7 6. Bb2 Nbd7 7. Nbd2 O-O 8.
O-O b6 9. Ne5 Nxe5 10. dxe5 Nd7 11. f4 Nc5 12. Rf3 Nxd3 13. cxd3 f5 14. Rh3 g6
15. Nf3 c5 16. Qe1 Bb7 17. Qg3 Rf7 18. Ng5 Bxg5 19. fxg5 Rc8 20. Rh4 Ba6 21.
Rd1 Rd7 22. Rf4 b5 23. h4 b4 24. Qf2 Bb5 25. g4 Qa5 26. Ba1 Qa6 27. gxf5 gxf5
28. Qc2 Qc6 29. Rc1 a5 30. Rf3 d4 31. Rcf1 dxe3 32. Rxe3 Rcd8 33. Rff3 Rd5 34.
h5 Qa6 35. Qg2 Bxd3 36. h6 Kh8 37. Kh2 Qb7 38. g6 Qe7 39. Qg3 Bb1 40. gxh7
Kxh7 41. Qg7+ Qxg7 42. hxg7 Kxg7 43. Rh3 f4 44. Re2 Rd2 45. Rg2+ Rxg2+ 46.
Kxg2 Be4+ 47. Kf2 Rd2+ 48. Ke1 Rxa2 {#R} 0-1

[Event "2020 WA-BC Intermat"]
[Site "Chess.com"]
[Date "2020.04.25"]
[Round "2"]
[White "Lehingrat, Callum"]
[Black "Zhang, Zachary T"]
[Result "1-0"]
[WhiteElo "2013"]
[BlackElo "1930"]
[EventType "team"]

1. d4 f5 2. Bf4 Nf6 3. e3 g6 4. h4 h6 5. Qf3 d6 6. Nc3 Bg7 7. Bc4 e6 8. Qg3
Kf7 9. O-O-O Nc6 10. Nf3 Nh5 11. Qh3 Rf8 12. g4 fxg4 13. Qxg4 Qf6 14. Rhg1
Nxf4 15. exf4 h5 16. Qg3 Bh6 17. Ng5+ Kg7 18. Ne2 Ne7 19. Qb3 a6 20. Kb1 b5
21. Bxe6 Bxg5 22. Bxc8 Bxf4 23. Bb7 Rab8 24. Be4 Kh6 25. Nxf4 Qxf4 26. Qe6 Qf6
27. Qxe7 Rbe8 28. Qxf6 Rxf6 29. f3 c5 30. c3 cxd4 31. Rxd4 Re5 32. Rgd1 Ree6
33. a4 g5 34. hxg5+ Kxg5 35. Rd5+ Re5 36. axb5 axb5 37. Rxd6 Rxd6 38. Rxd6 h4
39. Rd5 Rxd5 40. Bxd5 h3 41. f4+ Kxf4 42. Kc2 {#r} 1-0